000 00633nam a2200217Ia 4500
005 20260415173410.0
008 008 250505s9999 xx 000 0 eng d
020 _a978-1-646-32191-9
037 _aReference
040 _aFEDL
_beng
_cFEDL
041 _aeng
_2eng
084 _a001.42 PLU/RR
_qFEDL
100 _aPlucker Jonathan A Ed.
_9728753
245 0 _aCreativity and innovation: Theory, research and practice
250 _a2
260 _aLondon, UK
_bRoutledge
_c2022
300 _axxiii, 346p.
365 _aGBP
_b52.99
942 _cREF
_h001.42 PLU/RR
999 _c1400001
_d1400001